Public sector undertakings in Himachal Pradesh (Record no. 486815)

000 -LEADER
fixed length control field 00443cam a22001217a 4500
008 - FIXED-LENGTH DATA ELEMENTS--GENERAL INFORMATION
fixed length control field 180718b xxu||||| |||| 00| 0 eng d
082 ## - DEWEY DECIMAL CLASSIFICATION NUMBER
Classification number U61x5462 H57
100 ## - MAIN ENTRY--PERSONAL NAME
Personal name Himachal Pradesh. Finance Department
245 ## - TITLE STATEMENT
Title Public sector undertakings in Himachal Pradesh
Statement of responsibility, etc. by Finance Department
260 ## - PUBLICATION, DISTRIBUTION, ETC.
Place of publication, distribution, etc. Shimla
Name of publisher, distributor, etc. Finance Department
Date of publication, distribution, etc.
500 ## - GENERAL NOTE
General note Library has 1985/86, 1998/99, 1999/2000
650 ## - SUBJECT ADDED ENTRY--TOPICAL TERM
Topical term or geographic name entry element Public sector enterprises - India - Himachal Pradesh
Holdings
Withdrawn status Lost status Damaged status Not for loan Permanent Location Current Location Date acquired Full call number Barcode Date last seen Price effective from Koha item type
        Indian Institute of Public Administration Indian Institute of Public Administration 2018-08-04 U61x5462 H57 GG32546 2018-08-04 2018-08-04 GG
        Indian Institute of Public Administration Indian Institute of Public Administration 2018-08-04 U61x5462 H57 GG31918 2018-08-04 2018-08-04 GG
        Indian Institute of Public Administration Indian Institute of Public Administration 2018-08-04 U61x5462 H57 GG23163 2018-08-04 2018-08-04 GG
        Indian Institute of Public Administration Indian Institute of Public Administration 2018-08-04 U61x5462 H57 GG23161 2018-08-04 2018-08-04 GG

Powered by Koha